Guinea Bissau- Sort the countries by distance. - Statistics

General Stats
  • This quiz has been taken 24 times
  • The average score is 6 of 11
Answer Stats
Hint Answer % Correct
Itself Guinea Bissau
91%
2nd no1 Guinea
82%
2nd no2 Senegal
73%
8th Burkina Faso
55%
4th Gambia
55%
10th Algeria
45%
7th Mauritania
45%
6th Sierra Leone
45%
11th Tunisia
36%
5th Mali
27%
9th Morocco
27%
No matching quizzes found
Score Distribution
Percent of People with Each Score
Percentile by Number Answered
Your Score History
You have not taken this quiz